|
|
|
|
| LEADER |
00000cam a2200000 a 4500 |
| 001 |
vtls008316034 |
| 003 |
SK-MaSNL |
| 005 |
20260301074922.0 |
| 008 |
251124s1971 xo a e 00 0 slo |
| 015 |
|
|
|a SNBA1972/04-01016
|
| 035 |
|
|
|a SK01SNK19720008251
|
| 035 |
|
|
|a SKM000010714
|
| 040 |
|
|
|a SNK
|b slo
|c SNK
|e AACR2
|
| 041 |
0 |
|
|a slo
|
| 044 |
|
|
|a xo
|c SK
|
| 080 |
|
|
|a 371.214:531/534
|2 1981
|
| 080 |
|
|
|a 531/534:371.214
|2 1981
|
| 245 |
1 |
0 |
|a Učebné osnovy OU a UŠ
|b učebný odbor 0464 - mechanik, mechanička
|
| 250 |
|
|
|a 1. vyd.
|
| 260 |
|
|
|a Bratislava
|b Slovenské pedagogické nakladateľstvo
|c 1971
|
| 300 |
|
|
|a [1], 70 s.
|c 4°
|
| 490 |
0 |
|
|a Učebné dokumenty pre učebné odbory
|v súbor č. 2
|
| 500 |
|
|
|a Pozn. Tb.
|
| 563 |
|
|
|a 230 výtl.
|
| 650 |
0 |
7 |
|a mechanika
|x učilištia odborné
|x školy učňovské
|x osnovy učebné
|2 SNK
|9 398275
|
| 650 |
0 |
7 |
|a osnovy učebné
|x mechanika
|x učilištia odborné
|x školy učňovské
|2 SNK
|9 398276
|
| 655 |
|
7 |
|a učebné osnovy
|2 SNKPH
|9 60479
|
| 830 |
|
0 |
|a Učebné dokumenty pre učebné odbory
|9 307292
|
| 958 |
|
|
|a OND
|
| 958 |
|
|
|a RM
|
| 958 |
|
|
|a RK
|
| 958 |
|
|
|a UO
|
| 999 |
|
|
|c 648613
|d 650543
|
| 952 |
|
|
|a SNK
|b SNK
|y PREZ
|7 0
|p 17A0889939
|o snkSB 18245
|i snkKSP 3541/72
|0 0
|1 0
|4 0
|d 2015-04-21
|l 0
|r 2025-03-20 00:00:00
|w 2026-02-23
|
| 952 |
|
|
|a SNK
|b SNK
|y VYP
|7 0
|o snkSB 18245 D1
|i snkKSP 3542/72
|0 0
|1 0
|4 0
|d 2015-04-21
|l 0
|r 2026-02-23 18:14:45
|w 2026-02-23
|